Normal view
MARC view
- العراق-خرب الخليج-تاريخ القرن 21
Entry Topical Term
001 - CONTROL NUMBER
- control field: 8477
003 - CONTROL NUMBER IDENTIFIER
- control field: JO-AjAnu
005 - DATE AND TIME OF LATEST TRANSACTION
- control field: 20230606071652.0
008 - FIXED-LENGTH DATA ELEMENTS
- fixed length control field: 230606|| aca||aabn | a|a d
040 ## - CATALOGING SOURCE
- Original cataloging agency: JO-AjAnu
- Transcribing agency: JO-AjAnu
150 ## - HEADING--TOPICAL TERM
- Topical term or geographic name entry element: العراق-خرب الخليج-تاريخ القرن 21
670 ## - SOURCE DATA FOUND
- Source citation: Work cat.: (JO-AjAnu)4376: بقلم القماش، علي؛ تقدبم حسين، عادل, author 8476, بالوثائق والصور جرائم امريكا في العراق: الدمار-الحصار - الموت